Teología desde el tercer mundo: documentos finales de los cinco congresoso internacionales de la asociación ecuménica de teólogos del tercer mundo

Guardat en:
Dades bibliogràfiques
Format: Llibre
Idioma:Undetermined
Publicat: San José, Costa Rica Departamento Ecuménico de Investigaciones 1982
Matèries:
Etiquetes: Afegir etiqueta
Sense etiquetes, Sigues el primer a etiquetar aquest registre!

MARC

LEADER 00000nam a2200000Ia 4500
008 170316s9999 xx 000 0 und d
090 |a 230 T-2t 
245 |a Teología desde el tercer mundo: documentos finales de los cinco congresoso internacionales de la asociación ecuménica de teólogos del tercer mundo 
260 |a San José, Costa Rica 
260 |b Departamento Ecuménico de Investigaciones 
260 |c 1982 
300 |a 99 páginas 
650 |a TEOLOGÍA 
999 |c 18094  |d 18094 
040 |a cru BVZT 
942 |c 15 D  |h 230 T-2t  |2 z